| 000 | 00495nam a2200145Ia 4500 | ||
|---|---|---|---|
| 008 | 170221s9999 xx 000 0 und d | ||
| 100 | _aKalsom Kayat | ||
| 245 | _aCommunity-based Tourism Initiative in Rural Malaysia: Is it a Success? | ||
| 245 | _cKalsom Kayat, Nur Farrah Ain Zainuddin | ||
| 260 | _bInternational Review of Management and Marketing | ||
| 260 | _cAugust 2015 | ||
| 300 | _a4:3 | ||
| 650 | _xMarketing. | ||
| 856 | _uhttp://www.econjournals.com/index.php/irmm/issue/view/91 | ||
| 999 |
_c310048 _d310048 |
||